| 000 | 00565nam a22002057a 4500 | ||
|---|---|---|---|
| 005 | 20210220113433.0 | ||
| 008 | 210220b ||||| |||| 00| 0 eng d | ||
| 020 | _a9789382976905 | ||
| 040 |
_aIN-DiNC _cIN-DiNC |
||
| 041 | _deng | ||
| 082 |
_a891.209 _bBUR |
||
| 100 |
_aBuragohain, Dipima _eauthor |
||
| 245 |
_aIndian classical literature / _cby Dipima Buragohain |
||
| 250 | _a1st ed. | ||
| 260 |
_aGolaghat: _bSaraswati prakashan, _c2020 |
||
| 300 | _avi, 149p. | ||
| 650 | _aSanskrit literature | ||
| 650 | _aClassical Assamese drama | ||
| 942 |
_2ddc _cBK |
||
| 999 |
_c11144 _d11144 |
||